Techniques in corporate manpower planning : (Record no. 57758)

MARC details
000 -LEADER
fixed length control field 00827nam\a2200253\a\4500
001 - CONTROL NUMBER
control field 57758
005 - DATE AND TIME OF LATEST TRANSACTION
control field 20260412104745.0
008 - FIXED-LENGTH DATA ELEMENTS--GENERAL INFORMATION
fixed length control field 260412s1982 maua b 001 0 eng
020 ## - INTERNATIONAL STANDARD BOOK NUMBER
ISBN 9789401174169
040 ## - CATALOGING SOURCE
Original cataloging agency DLC
Transcribing agency DLC
Modifying agency BD-DhIUB
082 00 - DEWEY DECIMAL CLASSIFICATION NUMBER
Classification number 658.301
Edition number 23
Item number V587t
100 1# - MAIN ENTRY--PERSONAL NAME
Personal name Verhoeven, C. J.
245 10 - TITLE STATEMENT
Title Techniques in corporate manpower planning :
Remainder of title methods and applications /
Statement of responsibility, etc C.J. Verhoeven.
260 ## - PUBLICATION, DISTRIBUTION, ETC. (IMPRINT)
Place of publication, distribution, etc Boston :
Name of publisher, distributor, etc Kluwer-Nijhoff,
Date of publication, distribution, etc c1982.
300 ## - PHYSICAL DESCRIPTION
Extent xii, 186 p. :
Other physical details ill. ;
Dimensions 24 cm.
440 #0 - SERIES STATEMENT/ADDED ENTRY--TITLE
Title International series in management science/operations research
500 ## - GENERAL NOTE
General note Includes index.
504 ## - BIBLIOGRAPHY, ETC. NOTE
Bibliography, etc Bibliography: p. 179-184.
526 ## - STUDY PROGRAM INFORMATION NOTE
School name School of Business and Entrepreneurship
Department HRM
Shelving Location Reference Stacks
541 ## - IMMEDIATE SOURCE OF ACQUISITION NOTE
Source of acquisition Risaam
650 #0 - SUBJECT ADDED ENTRY--TOPICAL TERM
Topical term or geographic name as entry element Manpower planning.
942 ## - ADDED ENTRY ELEMENTS (KOHA)
Source of classification or shelving scheme Dewey Decimal Classification
Koha item type Books
Holdings
Withdrawn status Lost status Source of classification or shelving scheme Damaged status Not for loan Home library Current library Shelving location Date acquired Source of acquisition Cost, normal purchase price Serial Enumeration / chronology Total Checkouts Full call number Barcode Date last seen Copy number Cost, replacement price Price effective from Koha item type
    Dewey Decimal Classification   Not For Loan Library, Independent University, Bangladesh (IUB) Library, Independent University, Bangladesh (IUB) Reference Stacks 07/04/2026 Purchase 4990.00 1982   658.301 V587t 029641 12/04/2026 01 9980.00 07/04/2026 Books
    Dewey Decimal Classification   Not For Loan Library, Independent University, Bangladesh (IUB) Library, Independent University, Bangladesh (IUB) Reference Stacks 07/04/2026 Purchase 4990.00 1982   658.301 V587t 029642 12/04/2026 02 9980.00 07/04/2026 Books